| 000 | 00383nam a2200133Ia 4500 | ||
|---|---|---|---|
| 003 | GCL | ||
| 008 | 140319s9999 xx 000 0 ara d | ||
| 040 |
_aGCL / _cGCL |
||
| 082 | 0 | 4 |
_a953.023 _bم ق |
| 245 | 1 | 0 | _aقادسية سعد بن ابى وقاص صورة بطولاتها وابطالها |
| 260 |
_a[S.N] : _bمكتبة الاداب ، _c1991 |
||
| 300 | _a176 ص | ||
| 490 | _a | ||
| 999 |
_c35582 _d35582 |
||